[Event "Belgrade-chT Quality"]
[Site "Belgrade"]
[Date "2022.10.11"]
[Round "10.4"]
[White "Stojanovic, Zoran H"]
[Black "Krgovic, Veselin"]
[Result "0-1"]
[WhiteElo "2046"]
[BlackElo "2165"]
[PlyCount "84"]
[EventDate "2022.10.01"]
[EventType "team-tourn"]
[EventRounds "11"]
[EventCountry "SRB"]
[SourceTitle "EXT 2024"]
[Source "ChessBase"]
[SourceDate "2023.10.10"]
[SourceVersion "1"]
[SourceVersionDate "2023.10.10"]
[SourceQuality "1"]
[WhiteTeam "Belgrade Partizan"]
[BlackTeam "Belgrade PTT"]
[WhiteTeamCountry "SRB"]
[BlackTeamCountry "SRB"]

1. e4 e5 2. Nf3 Nc6 3. Nc3 Nf6 4. a3 Be7 5. d4 d6 6. d5 Nb8 7. Bd3 0-0 8. Ne2 Nbd7 9. Ng3 Nc5 10. c4 a5 11. Bc2 b6 12. b3 h6 13. Bd2 Nh7 14. b4 axb4 15. axb4 Rxa1 16. Qxa1 Nd7 17. Qa7 Ng5 18. Nf5 Nxf3+ 19. gxf3 Nf6 20. Nxe7+ Qxe7 21. Be3 Qd7 22. h4 Nh5 23. Rg1 Nf4 24. Qa1 f6 25. Bxf4 exf4 26. Rg4 Qe7 27. Rg6 Qe5 28. Qxe5 fxe5 29. c5 bxc5 30. bxc5 Rf6 31. Rxf6 gxf6 32. c6 Kf7 33. h5 f5 34. exf5 Kf6 35. Kd2 Bxf5 36. Bxf5 Kxf5 37. Kd3 Kg5 38. Ke4 Kf6 39. Kd3 Kf5 40. Kc4 e4 41. Kd4 exf3 42. Kd3 Ke5 0-1

[Event "Belgrade-chT Quality"]
[Site "Belgrade"]
[Date "2022.10.09"]
[Round "8.3"]
[White "Krgovic, Veselin"]
[Black "Tadic, Stefan"]
[Result "0-1"]
[WhiteElo "2165"]
[BlackElo "2320"]
[PlyCount "60"]
[EventDate "2022.10.01"]
[EventType "team-tourn"]
[EventRounds "11"]
[EventCountry "SRB"]
[SourceTitle "EXT 2024"]
[Source "ChessBase"]
[SourceDate "2023.10.10"]
[SourceVersion "1"]
[SourceVersionDate "2023.10.10"]
[SourceQuality "1"]
[WhiteTeam "Belgrade PTT"]
[BlackTeam "Belgrade Turbina"]
[WhiteTeamCountry "SRB"]
[BlackTeamCountry "SRB"]

1. d4 d5 2. Nc3 Nf6 3. Bg5 Nbd7 4. e3 h6 5. Bh4 e6 6. Bd3 c5 7. dxc5 Nxc5 8. Nf3 Be7 9. 0-0 0-0 10. Re1 Qb6 11. Rb1 Rd8 12. Qe2 Bd7 13. Bxf6 Bxf6 14. e4 Nxd3 15. cxd3 dxe4 16. dxe4 Bc6 17. e5 Be7 18. a3 Rd7 19. Nd2 Rad8 20. Nde4 a5 21. h3 Qd4 22. Qh5 g6 23. Qxh6 Qxe5 24. h4 Rd4 25. f3 Qg7 26. Qxg7+ Kxg7 27. g3 Rd3 28. Re2 Rxf3 29. Kh2 Rfd3 30. Rf1 Rh8 0-1

[Event "Belgrade tt Cup"]
[Site "Belgrade"]
[Date "2015.04.24"]
[Round "4.3"]
[White "Bojanic, Denis"]
[Black "Krgovic, Veselin"]
[Result "0-1"]
[WhiteElo "2010"]
[BlackElo "2197"]
[PlyCount "38"]
[EventDate "2015.04.20"]
[EventType "team-swiss"]
[EventRounds "5"]
[EventCountry "SRB"]
[SourceTitle "CBM 166 Extra"]
[Source "ChessBase"]
[SourceDate "2015.06.18"]
[SourceVersion "1"]
[SourceVersionDate "2015.06.18"]
[SourceQuality "1"]
[WhiteTeam "Vidikovac"]
[BlackTeam "Cukaricki"]
[WhiteTeamCountry "SRB"]
[BlackTeamCountry "SRB"]

1. e4 e5 2. Nf3 Nc6 3. Bc4 Nf6 4. d4 exd4 5. e5 Ne4 6. 0-0 d5 7. Bb5 Bg4 8. Qxd4 Bc5 9. Qd3 0-0 10. Bxc6 bxc6 11. Nd4 f6 12. exf6 Qxf6 13. Be3 Bh5 14. f3 Rae8 15. c3 Nd6 16. b3 Bg6 17. Qd2 Rxe3 18. Qxe3 Nf5 19. Qd2 Nxd4 0-1

[Event "Srpska Republic-ch"]
[Site "Prijedor"]
[Date "2014.12.14"]
[Round "6"]
[White "Maksimovic, Masa"]
[Black "Krgovic, Veselin"]
[Result "1/2-1/2"]
[WhiteElo "1644"]
[BlackElo "2232"]
[PlyCount "131"]
[EventDate "2014.12.11"]
[EventType "swiss"]
[EventRounds "9"]
[EventCountry "BIH"]
[SourceTitle "CBM 164 Extra"]
[Source "ChessBase"]
[SourceDate "2015.03.02"]
[SourceVersion "1"]
[SourceVersionDate "2015.03.02"]
[SourceQuality "1"]

1. d4 d5 2. c4 Nc6 3. Nf3 Bg4 4. e3 e5 5. dxe5 d4 6. exd4 Bxf3 7. Qxf3 Qxd4 8. a3 Qxe5+ 9. Qe3 Bd6 10. Nc3 Nf6 11. Be2 0-0-0 12. Qxe5 Bxe5 13. Be3 Rhe8 14. 0-0 Bd4 15. Nd5 Nxd5 16. cxd5 Rxd5 17. Bf3 Rd6 18. Bxc6 bxc6 19. Bxd4 Rxd4 20. Rfe1 Rxe1+ 21. Rxe1 Rd2 22. Kf1 Rxb2 23. Re7 c5 24. Rxf7 c4 25. Ke1 c3 26. Kd1 Kb7 27. g3 g5 28. h4 gxh4 29. gxh4 h5 30. Rf5 Kb6 31. Rxh5 Rxf2 32. Re5 Rh2 33. Re3 Rxh4 34. Rxc3 c5 35. Kc2 Kb5 36. Kb3 c4+ 37. Kb2 Rh2+ 38. Kb1 Rd2 39. Rh3 Ka4 40. Rc3 Kb5 41. Rh3 Rd3 42. Rh5+ Ka4 43. Rh7 a5 44. Rc7 Kb3 45. Rb7+ Kc3 46. Rb5 Kd2 47. Rxa5 c3 48. Rc5 Rd8 49. Rc7 Rd5 50. a4 Rd4 51. a5 Rb4+ 52. Ka2 c2 53. Rd7+ Kc1 54. Rd5 Re4 55. Rh5 Rd4 56. Rc5 Kd2 57. Kb2 Rb4+ 58. Ka3 Rb1 59. Rd5+ Kc3 60. Rc5+ Kd3 61. a6 c1Q+ 62. Rxc1 Rxc1 63. Kb4 Kd4 64. Kb5 Rc8 65. Kb6 Rh8 66. a7 1/2-1/2

[Event "Srpska Republic-ch"]
[Site "Prijedor"]
[Date "2014.12.12"]
[Round "3"]
[White "Krgovic, Veselin"]
[Black "Hadzipasic, Emir"]
[Result "1/2-1/2"]
[WhiteElo "2232"]
[BlackElo "2070"]
[PlyCount "91"]
[EventDate "2014.12.11"]
[EventType "swiss"]
[EventRounds "9"]
[EventCountry "BIH"]
[SourceTitle "CBM 164 Extra"]
[Source "ChessBase"]
[SourceDate "2015.03.02"]
[SourceVersion "1"]
[SourceVersionDate "2015.03.02"]
[SourceQuality "1"]

1. d4 Nf6 2. Nc3 d5 3. Bg5 Bf5 4. f3 Nbd7 5. Nxd5 Nxd5 6. e4 Be6 7. exd5 Bxd5 8. c4 Be6 9. Bd3 f6 10. Be3 Bf7 11. Qa4 c6 12. Ne2 Nc5 13. Qc2 Nxd3+ 14. Qxd3 e5 15. Rd1 Qa5+ 16. Kf2 Rd8 17. a3 Be7 18. Rhe1 0-0 19. Qc2 Rfe8 20. Kf1 Bf8 21. Bf2 exd4 22. Nxd4 Qa6 23. Rxe8 Rxe8 24. Rc1 Qa5 25. Qc3 Qe5 26. Bg3 Qg5 27. Bf2 Bd6 28. g3 Bc7 29. b3 Bb6 30. Re1 Re5 31. f4 Rxe1+ 32. Qxe1 Qc5 33. a4 Qh5 34. Kg2 h6 35. Qe7 Qg6 36. f5 Qg4 37. h3 Qd1 38. Ne6 Bxe6 39. Qxe6+ Kh8 40. c5 Bc7 41. Qf7 Qd8 42. Qe6 Be5 43. Qf7 b6 44. cxb6 axb6 45. Bxb6 Qxb6 46. Qe8+ 1/2-1/2

[Event "Belgrade-chT"]
[Site "Belgrade"]
[Date "2014.11.03"]
[Round "11"]
[White "Petronic, Sanja"]
[Black "Krgovic, Veselin"]
[Result "0-1"]
[WhiteElo "2228"]
[BlackElo "2237"]
[PlyCount "36"]
[EventDate "2014.10.04"]
[EventType "team-tourn"]
[EventRounds "13"]
[EventCountry "SRB"]
[SourceTitle "EXT 2015"]
[Source "ChessBase"]
[SourceDate "2014.11.20"]
[SourceVersion "1"]
[SourceVersionDate "2014.11.20"]
[SourceQuality "1"]

1. e4 e5 2. Nf3 Nc6 3. Bb5 Bc5 4. 0-0 Nf6 5. d3 d6 6. Bg5 0-0 7. h3 Bd7 8. Nc3 Be6 9. Qd2 Nd4 10. Nxd4 Bxd4 11. Rae1 c6 12. Bc4 h6 13. Be3 Bb6 14. f4 exf4 15. Rxf4 Bxe3+ 16. Qxe3 d5 17. exd5 Nxd5 18. Nxd5 Bxd5 0-1

[Event "Belgrade-chT"]
[Site "Belgrade"]
[Date "2014.11.02"]
[Round "10"]
[White "Krgovic, Veselin"]
[Black "Matovic, Sasa"]
[Result "1/2-1/2"]
[WhiteElo "2237"]
[BlackElo "2176"]
[PlyCount "93"]
[EventDate "2014.10.04"]
[EventType "team-tourn"]
[EventRounds "13"]
[EventCountry "SRB"]
[SourceTitle "EXT 2015"]
[Source "ChessBase"]
[SourceDate "2014.11.20"]
[SourceVersion "1"]
[SourceVersionDate "2014.11.20"]
[SourceQuality "1"]

1. d4 d5 2. Nc3 Nf6 3. Bg5 c6 4. e3 Bf5 5. Bd3 Bxd3 6. cxd3 Qb6 7. Rb1 e6 8. Nf3 Nbd7 9. 0-0 h6 10. Bh4 Be7 11. Ne5 Nxe5 12. dxe5 Nd7 13. Bxe7 Kxe7 14. d4 f6 15. f4 f5 16. b4 Qd8 17. Qh5 Qg8 18. g4 g6 19. Qh3 h5 20. g5 Qf7 21. Rfc1 Rhc8 22. Na4 Nb6 23. Nc5 Rc7 24. b5 Rac8 25. bxc6 Rxc6 26. Qf1 R8c7 27. Qb5 Qe8 28. Qb4 Kf7 29. a4 Qc8 30. Re1 Nc4 31. a5 Nxa5 32. Nxe6 Kxe6 33. Qxa5 b6 34. Qa3 Qe8 35. Rbc1 Qe7 36. Rxc6+ Rxc6 37. Qa4 Qc7 38. Qb3 Qe7 39. Qa4 Rc4 40. Qa6 Qc7 41. Ra1 Rc1+ 42. Rxc1 Qxc1+ 43. Kf2 Qc2+ 44. Ke1 Qc1+ 45. Kf2 Qc7 46. Qa4 Qd7 47. Qa3 1/2-1/2

[Event "Belgrade-chT"]
[Site "Belgrade"]
[Date "2014.10.11"]
[Round "3"]
[White "Radovanovic, Mihajlo"]
[Black "Krgovic, Veselin"]
[Result "1/2-1/2"]
[WhiteElo "1964"]
[BlackElo "2237"]
[PlyCount "75"]
[EventDate "2014.10.04"]
[EventType "team-tourn"]
[EventRounds "13"]
[EventCountry "SRB"]
[SourceTitle "EXT 2015"]
[Source "ChessBase"]
[SourceDate "2014.11.20"]
[SourceVersion "1"]
[SourceVersionDate "2014.11.20"]
[SourceQuality "1"]

1. Nf3 Nc6 2. d4 d5 3. c4 Bg4 4. Ne5 Nxe5 5. dxe5 d4 6. Qb3 Rb8 7. Qa4+ Bd7 8. Qxa7 Bc6 9. e3 b6 10. Qa3 e6 11. Qd3 Bc5 12. e4 f6 13. Qg3 Qe7 14. Bd3 fxe5 15. Qxe5 Nf6 16. f3 0-0 17. Qg3 Bb4+ 18. Bd2 Nh5 19. Qf2 Nf4 20. Bf1 Bxe4 21. Bxb4 Qxb4+ 22. Qd2 Qxd2+ 23. Kxd2 Bb7 24. Kc2 e5 25. Nd2 Bc8 26. Re1 Bf5+ 27. Ne4 Rbe8 28. Rg1 Bg6 29. Bd3 Nxd3 30. Kxd3 Rf4 31. b3 Ref8 32. Re2 Kf7 33. Rge1 Ke6 34. Kd2 Bxe4 35. Rxe4 Rxe4 36. Rxe4 c5 37. Kd3 g6 38. Re2 1/2-1/2

[Event "Srpska Republic-chT 1st League"]
[Site "Banja Vrucica"]
[Date "2014.08.09"]
[Round "1.1"]
[White "Krgovic, Veselin"]
[Black "Bozic, Milan"]
[Result "0-1"]
[WhiteElo "2235"]
[BlackElo "2412"]
[PlyCount "80"]
[EventDate "2014.08.09"]
[EventType "team-tourn"]
[EventRounds "9"]
[EventCountry "BIH"]
[SourceTitle "EXT 2016"]
[Source "ChessBase"]
[SourceDate "2015.10.08"]
[SourceVersion "1"]
[SourceVersionDate "2015.10.08"]
[SourceQuality "1"]
[WhiteTeam "Teslic Mladost"]
[BlackTeam "Kozarska Dubica"]
[WhiteTeamCountry "BIH"]
[BlackTeamCountry "BIH"]

1. d4 d6 2. e4 c6 3. Nc3 e5 4. f4 exf4 5. Bxf4 Ne7 6. Nf3 Ng6 7. Bg3 Be7 8. Bd3 Bg4 9. 0-0 0-0 10. h3 Bc8 11. Qd2 Nd7 12. Rad1 Nf6 13. Ne2 d5 14. exd5 cxd5 15. Ne5 Ne4 16. Bxe4 dxe4 17. Nxg6 hxg6 18. d5 Bc5+ 19. Bf2 Bxf2+ 20. Rxf2 f5 21. c4 g5 22. Qd4 Re8 23. Ng3 e3 24. Rxf5 Bxf5 25. Nxf5 Qf6 26. Qxf6 gxf6 27. Re1 Re5 28. g4 Rae8 29. Re2 a5 30. Kg2 Kf8 31. Kf3 Re4 32. Kg2 Rf4 33. b3 b6 34. Nd6 Rd8 35. Nf5 Rf2+ 36. Rxf2 exf2 37. Kxf2 Ke8 38. Nd4 Kd7 39. Ne6 Rh8 40. Kg3 Kd6 0-1

[Event "Serbian Republic op-ch"]
[Site "Prijedor"]
[Date "2013.12.13"]
[Round "2"]
[White "Zivkovic, Milenko"]
[Black "Krgovic, Veselin"]
[Result "0-1"]
[WhiteElo "2034"]
[BlackElo "2231"]
[PlyCount "70"]
[EventDate "2013.12.12"]
[EventType "swiss"]
[EventRounds "7"]
[EventCountry "BIH"]
[SourceTitle "CBM 158 Extra"]
[Source "ChessBase"]
[SourceDate "2014.02.28"]
[SourceVersion "1"]
[SourceVersionDate "2014.02.28"]
[SourceQuality "1"]

1. d4 Nf6 2. Nc3 c5 3. d5 d6 4. e4 g6 5. Bd3 Bg7 6. h3 Qb6 7. Nf3 0-0 8. 0-0 Nbd7 9. Bf4 Qxb2 10. a3 Qb6 11. Rb1 Qd8 12. Qd2 Re8 13. Rfe1 a6 14. a4 Qa5 15. e5 dxe5 16. Be3 Qc7 17. Ng5 h6 18. Nf3 Kh7 19. Nh4 b6 20. f4 c4 21. Be2 e4 22. Rb4 Nc5 23. Rxc4 a5 24. Nb5 Qd8 25. Bxc5 bxc5 26. Rxc5 Qb6 27. Qe3 Nxd5 28. Qa3 Nb4 29. Qe3 Nxc2 30. Qf2 e3 31. Qf3 Nxe1 32. Qxa8 Qxc5 33. Qxa5 Qc1 34. Kh2 Qd2 35. Qxd2 exd2 0-1

[Event "BIH-chT Cup"]
[Site "Banja Vrucica"]
[Date "2013.08.10"]
[Round "1"]
[White "Krgovic, Veselin"]
[Black "Pandurevic, Miro"]
[Result "1/2-1/2"]
[WhiteElo "2208"]
[BlackElo "2284"]
[PlyCount "35"]
[EventDate "2013.08.10"]
[EventType "team-tourn"]
[EventRounds "9"]
[EventCountry "BIH"]
[SourceTitle "CBM 155 Extra"]
[Source "ChessBase"]
[SourceDate "2013.08.26"]
[SourceVersion "1"]
[SourceVersionDate "2013.08.26"]
[SourceQuality "1"]

1. d4 Nf6 2. Nc3 d5 3. Bg5 g6 4. Nf3 Bg7 5. e3 0-0 6. Bd3 b6 7. 0-0 c5 8. Re1 Bb7 9. Ne5 Nbd7 10. Nxd7 Qxd7 11. h3 Rad8 12. Bf1 Qf5 13. Bxf6 Qxf6 14. Ne2 e5 15. c3 Rfe8 16. b4 Qc6 17. Rb1 Re7 18. b5 1/2-1/2

[Event "Belgrade Trophy 25th"]
[Site "Obrenovac"]
[Date "2011.11.28"]
[Round "5"]
[White "Djordjevic, Zoran B"]
[Black "Krgovic, Veselin"]
[Result "0-1"]
[WhiteElo "2025"]
[BlackElo "2250"]
[PlyCount "100"]
[EventDate "2011.11.24"]
[EventType "swiss"]
[EventRounds "9"]
[EventCountry "YUG"]
[SourceTitle "CBM 145 Extra"]
[Source "ChessBase"]
[SourceDate "2012.01.03"]
[SourceVersion "1"]
[SourceVersionDate "2012.01.03"]
[SourceQuality "1"]

1. Nf3 d5 2. d4 Nc6 3. Bf4 Bg4 4. e3 e6 5. Nbd2 Nf6 6. h3 Bh5 7. a3 Bd6 8. Bxd6 cxd6 9. c4 dxc4 10. Bxc4 0-0 11. Rc1 Rc8 12. Be2 Qd7 13. 0-0 Rc7 14. Ng5 Bxe2 15. Qxe2 Rfc8 16. Qd3 Ne7 17. Rxc7 Qxc7 18. Nde4 Ned5 19. Nxf6+ Nxf6 20. f3 d5 21. f4 h6 22. Nf3 Ne4 23. Nd2 Nd6 24. Nb3 Qc2 25. Qxc2 Rxc2 26. Rf2 Rxf2 27. Kxf2 Nc4 28. Nc5 b6 29. Na4 Kf8 30. g4 Ke7 31. h4 Kd6 32. Ke2 Kc6 33. f5 exf5 34. gxf5 Nd6 35. Kd3 Nxf5 36. e4 Nxh4 37. exd5+ Kd7 38. Nc3 Nf5 39. Ne2 Ne7 40. Ke4 Kd6 41. Nc3 a6 42. b4 f5+ 43. Kd3 Nxd5 44. Na4 h5 45. Nb2 h4 46. Nc4+ Ke6 47. Ne5 h3 48. Nf3 Kf6 49. Kc4 Ne3+ 50. Kd3 Ng4 0-1

[Event "Belgrade Trophy 25th"]
[Site "Obrenovac"]
[Date "2011.11.27"]
[Round "4"]
[White "Krgovic, Veselin"]
[Black "Rajcevic, Stevan"]
[Result "1/2-1/2"]
[WhiteElo "2250"]
[BlackElo "2067"]
[PlyCount "57"]
[EventDate "2011.11.24"]
[EventType "swiss"]
[EventRounds "9"]
[EventCountry "YUG"]
[SourceTitle "CBM 145 Extra"]
[Source "ChessBase"]
[SourceDate "2012.01.03"]
[SourceVersion "1"]
[SourceVersionDate "2012.01.03"]
[SourceQuality "1"]

1. d4 d5 2. Nf3 Nf6 3. Bg5 c6 4. Nc3 Bf5 5. e3 Nbd7 6. Bd3 Bg6 7. Ne5 e6 8. 0-0 Be7 9. f4 c5 10. Bxf6 gxf6 11. Nxd7 Bxd3 12. Nxf6+ Bxf6 13. Qxd3 cxd4 14. exd4 Qb6 15. Ne2 0-0-0 16. a4 Kb8 17. a5 Qc6 18. c3 Be7 19. Qf3 f5 20. Nc1 Rhg8 21. Nd3 Bd6 22. Rfe1 Rg6 23. Re2 Rdg8 24. Kh1 a6 25. Ne1 Qc7 26. Nd3 h6 27. Ne5 Bxe5 28. Rxe5 Qd8 29. g3 1/2-1/2

[Event "Belgrade Trophy 25th"]
[Site "Obrenovac"]
[Date "2011.11.26"]
[Round "3"]
[White "Abramovic, Bosko"]
[Black "Krgovic, Veselin"]
[Result "1-0"]
[WhiteElo "2450"]
[BlackElo "2250"]
[PlyCount "33"]
[EventDate "2011.11.24"]
[EventType "swiss"]
[EventRounds "9"]
[EventCountry "YUG"]
[SourceTitle "CBM 145 Extra"]
[Source "ChessBase"]
[SourceDate "2012.01.03"]
[SourceVersion "1"]
[SourceVersionDate "2012.01.03"]
[SourceQuality "1"]

1. c4 Nc6 2. Nc3 Nf6 3. g3 e5 4. Bg2 Be7 5. Nf3 0-0 6. 0-0 d5 7. cxd5 Nxd5 8. Nxe5 Nxc3 9. Nxc6 Nxd1 10. Nxd8 Nxf2 11. Nxb7 Nh3+ 12. Kh1 Rb8 13. Na5 Bf6 14. Nc6 Rb5 15. Nxa7 Rh5 16. Nxc8 Rxc8 17. a4 1-0

[Event "Belgrade Spring op"]
[Site "Belgrade"]
[Date "2008.04.01"]
[Round "8"]
[White "Cvetkovic, Vidoje"]
[Black "Krgovic, Veselin"]
[Result "1/2-1/2"]
[WhiteElo "2041"]
[BlackElo "2234"]
[PlyCount "23"]
[EventDate "2008.03.25"]
[EventType "swiss"]
[EventRounds "9"]
[EventCountry "YUG"]
[SourceTitle "CBM 123 Extra"]
[Source "ChessBase"]
[SourceDate "2008.05.06"]
[SourceVersion "1"]
[SourceVersionDate "2008.05.06"]
[SourceQuality "1"]

1. e4 e5 2. Nf3 Nc6 3. Bb5 Bc5 4. 0-0 Nf6 5. Re1 0-0 6. c3 d6 7. h3 Bd7 8. g3 Ne7 9. Bc4 Ng6 10. d4 Be6 11. Nbd2 Qe7 12. Nf1 1/2-1/2

[Event "Belgrade Spring op"]
[Site "Belgrade"]
[Date "2008.03.31"]
[Round "7"]
[White "Krgovic, Veselin"]
[Black "Rajcevic, Stevan"]
[Result "1/2-1/2"]
[WhiteElo "2234"]
[BlackElo "2154"]
[PlyCount "28"]
[EventDate "2008.03.25"]
[EventType "swiss"]
[EventRounds "9"]
[EventCountry "YUG"]
[SourceTitle "CBM 123 Extra"]
[Source "ChessBase"]
[SourceDate "2008.05.06"]
[SourceVersion "1"]
[SourceVersionDate "2008.05.06"]
[SourceQuality "1"]

1. d4 d5 2. Nc3 Nf6 3. Bg5 h6 4. Bh4 Bf5 5. f3 c6 6. e4 dxe4 7. Bxf6 exf6 8. fxe4 Bh7 9. Nf3 Bd6 10. Bd3 0-0 11. 0-0 Nd7 12. Kh1 Qc7 13. Qe1 Rfe8 14. Qh4 Nf8 1/2-1/2

[Event "Belgrade Spring op"]
[Site "Belgrade"]
[Date "2008.03.26"]
[Round "2"]
[White "Brankov, Kristina"]
[Black "Krgovic, Veselin"]
[Result "0-1"]
[WhiteElo "1875"]
[BlackElo "2234"]
[PlyCount "117"]
[EventDate "2008.03.25"]
[EventType "swiss"]
[EventRounds "9"]
[EventCountry "YUG"]
[SourceTitle "CBM 123 Extra"]
[Source "ChessBase"]
[SourceDate "2008.05.06"]
[SourceVersion "1"]
[SourceVersionDate "2008.05.06"]
[SourceQuality "1"]

1. e4 e5 2. Nf3 Nc6 3. d4 exd4 4. Nxd4 Nf6 5. Nxc6 bxc6 6. Bd3 d5 7. Qe2 Bb4+ 8. Bd2 Bxd2+ 9. Nxd2 0-0 10. 0-0 Rb8 11. b3 Re8 12. Qf3 Qd6 13. Rfe1 Qb4 14. Qe3 c5 15. Rad1 Bf5 16. e5 Ng4 17. Qg3 Bxd3 18. Qxd3 Nxe5 19. Qxd5 c6 20. Qd6 Re6 21. Qc7 Rbe8 22. Kf1 Qh4 23. Rxe5 Rxe5 24. Nf3 R5e7 25. Qxc6 Qb4 26. Qd6 h6 27. Qd2 a5 28. a4 Qb6 29. Qd6 Qb4 30. Qd2 Qe4 31. Re1 Qa8 32. Rd1 Qa6+ 33. Qd3 Qc6 34. Qd5 Qc7 35. Qd2 c4 36. Qd6 cxb3 37. Qxc7 Rxc7 38. cxb3 Rc3 39. Rb1 f6 40. Nd4 Rd8 41. Nb5 Rc2 42. Na3 Ra2 43. Nc4 Rd3 44. Rb2 Rxb2 45. Nxb2 Rxb3 46. Nc4 Kf7 47. Nxa5 Ra3 48. Nc4 Rxa4 49. Ne3 Ke6 50. g3 f5 51. Kg2 h5 52. Nd1 f4 53. Nc3 Ra3 54. Ne4 f3+ 55. Kh3 Ke5 56. Nd2 Rd3 57. Nc4+ Kd5 58. Nb6+ Ke4 59. Nc4 0-1